000 00307nam a2200109Ia 4500
005 20251222143153.0
008 251222s9999||||xx |||||||||||||| ||spa||
082 _a372.372/C81
245 0 _aFormación y Orientación para El Amor y La Sexualidad
264 _bComisión Episcopal de la Familia
942 _cLIB
999 _c12778
_d12778